| 000 | 00821nam a2200253 a 4500 | ||
|---|---|---|---|
| 001 | 000031816 | ||
| 003 | DO-SdBNP | ||
| 005 | 20240104134344.0 | ||
| 007 | ta | ||
| 008 | 110706s1988 dr 000 0 spa d | ||
| 040 |
_aDO-SdBNP _bspa _cBNPHU _erda |
||
| 082 | 4 |
_bR618r _222 |
|
| 100 | 1 |
_aRivas, Ubi _958031 _eautor |
|
| 245 | 1 | 0 |
_aReto y respuesta / _cUbi Rivas; edición al cuidado de César R. Ojeda C., dibujo de portada, Priamo Morel |
| 264 | 1 |
_aSanto Domingo : _bEditorial Santo Domingo, _c1988. |
|
| 300 |
_a668, [4] páginas ; _c22 cm. |
||
| 336 |
_2rdacontent _atexto _btxt |
||
| 337 |
_2rdamedia _bn _asin mediación |
||
| 338 |
_2rdacarrier _avolumen _bnc |
||
| 590 | _aInventariado, 2024 / MF | ||
| 700 | 1 |
_aOjeda C., César R., _924663 _eeditor |
|
| 700 | 1 |
_aMoel, Priamo, _edibujo _984758 |
|
| 942 |
_2ddc _cLBS1 |
||
| 999 |
_c31308 _d31308 |
||